[Event "DEM U12/U12w 2008"]
[Site "Willingen GER"]
[Date "2008.05.12"]
[Round "4"]
[White "Moritz, Aron"]
[Black "Müller, Nick"]
[Result "1/2-1/2"]
[Termination "normal"]
[Board "24"]
[WhiteElo "1984"]
[BlackElo "1571"]
[PlyCount "58"]
[WhiteFideId "24672319"]
[BlackFideId "24692093"]
[EventCountry "GER"]
[EventRounds "11"]
[EventType "swiss"]
[EventDate "2008.05.10"]

1. e4 c5 2. Nf3 Nc6 3. d4 cxd4 4. Nxd4 Nf6 5. Nc3 e5 6. Ndb5 d6 7. Bg5 a6 8.
Na3 b5 9. Nd5 Be7 10. Bxf6 Bxf6 11. c4 b4 12. Nc2 a5 13. g3 Ne7 14. Nce3 Bg5
15. h4 Bxe3 16. Nxe3 Bb7 17. Nd5 Nc6 18. Bh3 Nd4 19. O-O O-O 20. Qh5 Bc8 21.
Bxc8 Rxc8 22. b3 f5 23. exf5 Rxf5 24. Qg4 Kh8 25. Rad1 Qf8 26. Kg2 Re8 27. Qe4
Rf7 28. Rd2 Ne6 29. Ne3 Rd8 1/2-1/2

[Event "DEM U12/U12w 2008"]
[Site "Willingen GER"]
[Date "2008.05.12"]
[Round "4"]
[White "Bonk, Andras"]
[Black "Eigemann, Frederik"]
[Result "1/2-1/2"]
[Termination "normal"]
[Board "25"]
[WhiteElo "1473"]
[BlackElo "1685"]
[PlyCount "82"]
[WhiteFideId "24692123"]
[BlackFideId "24692034"]
[EventCountry "GER"]
[EventRounds "11"]
[EventType "swiss"]
[EventDate "2008.05.10"]

1. e4 e6 2. d4 d5 3. exd5 exd5 4. Bd3 c5 5. dxc5 Bxc5 6. Nf3 Nf6 7. O-O O-O 8.
Bg5 h6 9. Bh4 Qb6 10. Bxf6 Qxf6 11. Nc3 Be6 12. Re1 Nc6 13. Re2 Rad8 14. a3 Bg4
15. Rd2 Bxf3 16. Qxf3 Qxf3 17. gxf3 Rfe8 18. Rad1 Bd4 19. Bb5 Bxc3 20. Bxc6
bxc6 21. bxc3 Rb8 22. Kf1 Kf8 23. Rd4 Rb2 24. R1d2 Rb1+ 25. Kg2 Re5 26. f4 Re6
27. Ra4 Re7 28. Kf3 Rbe1 29. Rb4 R1e4 30. Rdd4 Re2 31. Rb8+ Re8 32. Rxe8+ Rxe8
33. Rb4 Re7 34. c4 Rc7 35. c5 Ke7 36. a4 Kd7 37. a5 Rc8 38. Rb7+ Rc7 39. Rb4
Kc8 40. a6 Kd7 41. f5 Kd8 1/2-1/2

[Event "DEM U12/U12w 2008"]
[Site "Willingen GER"]
[Date "2008.05.12"]
[Round "4"]
[White "Schnorr, Christian"]
[Black "Stanau, Guido"]
[Result "1-0"]
[Termination "normal"]
[Board "26"]
[WhiteElo "1650"]
[BlackElo "1333"]
[PlyCount "69"]
[BlackFideId "24692255"]
[EventCountry "GER"]
[EventRounds "11"]
[EventType "swiss"]
[EventDate "2008.05.10"]

1. e4 d5 2. exd5 Nf6 3. c4 e6 4. d4 exd5 5. Nc3 Be6 6. cxd5 Nxd5 7. Nxd5 Qxd5
8. Nf3 Nc6 9. a3 Be7 10. Be3 Bf6 11. Qd2 O-O 12. Bd3 Rad8 13. Rd1 Bg4 14. Be2
Rd6 15. h3 Bc8 16. Qc3 Rfd8 17. O-O Qf5 18. Rd2 Qg6 19. Bd3 Qh5 20. Be2 Be7 21.
Bf4 Re6 22. Bxc7 Re8 23. d5 Rg6 24. Ne5 Qg5 25. Nxg6 Bf6 26. Qc1 Qxg6 27. dxc6
Bxh3 28. Bg3 Bc8 29. c7 Bg5 30. f4 Bf6 31. Bf2 b6 32. Qc6 Rf8 33. Rfd1 Qf5 34.
Rd8 Qe6 35. Qxe6 1-0

[Event "DEM U12/U12w 2008"]
[Site "Willingen GER"]
[Date "2008.05.12"]
[Round "4"]
[White "Falter, Lennart"]
[Black "Pührer, Anne"]
[Result "1-0"]
[Termination "normal"]
[Board "27"]
[WhiteElo "1587"]
[BlackElo "1369"]
[PlyCount "87"]
[WhiteFideId "24692077"]
[BlackFideId "24692247"]
[EventCountry "GER"]
[EventRounds "11"]
[EventType "swiss"]
[EventDate "2008.05.10"]

1. e4 c5 2. f4 Nc6 3. Nf3 d6 4. Nc3 g6 5. d3 Bg7 6. Be2 e6 7. Bd2 Nge7 8. O-O
O-O 9. g4 Qd7 10. a4 f5 11. h3 b6 12. exf5 exf5 13. g5 Bb7 14. Qe1 Nd4 15. Nxd4
Bxd4+ 16. Kh2 Qc6 17. Bf3 Qd7 18. Bxb7 Qxb7 19. Qe6+ Kh8 20. Qxd6 Rfe8 21. Rae1
Qc6 22. Qxc6 Nxc6 23. b3 a6 24. Nd5 Red8 25. Nxb6 Rab8 26. Nc4 Nb4 27. Bxb4
cxb4 28. Re6 Ra8 29. Rfe1 Bc5 30. Rc6 Bd4 31. Ree6 a5 32. Kg3 Rd7 33. Rcd6 Rad8
34. Rxd7 Rxd7 35. Nxa5 Rc7 36. Nc4 Kg7 37. Kf3 Kf7 38. Ra6 Bc5 39. Ne5+ Kg7 40.
Rc6 Rxc6 41. Nxc6 Kf7 42. d4 Bd6 43. a5 Ke8 44. a6 1-0

[Event "DEM U12/U12w 2008"]
[Site "Willingen GER"]
[Date "2008.05.12"]
[Round "4"]
[White "Berger, Nadja"]
[Black "Neef, Maximilian"]
[Result "0-1"]
[Termination "normal"]
[Board "28"]
[WhiteElo "1380"]
[BlackElo "1580"]
[PlyCount "60"]
[WhiteFideId "24692212"]
[BlackFideId "24692085"]
[EventCountry "GER"]
[EventRounds "11"]
[EventType "swiss"]
[EventDate "2008.05.10"]

1. e4 e6 2. Qe2 c5 3. g3 Nc6 4. c3 g6 5. Bg2 Bg7 6. Nf3 Nge7 7. O-O O-O 8. d3
d6 9. Nbd2 b5 10. h4 Rb8 11. Re1 b4 12. c4 a5 13. Rb1 e5 14. Nf1 Be6 15. Ne3
Qc8 16. Nd5 Rb7 17. Ng5 Nd4 18. Qf1 Nec6 19. Be3 h6 20. Nf3 b3 21. a3 Nc2 22.
Re2 f5 23. Ne1 Nxe3 24. Rxe3 f4 25. gxf4 exf4 26. Rf3 g5 27. hxg5 hxg5 28. d4
Nxd4 29. Rd3 g4 30. f3 g3 0-1

[Event "DEM U12/U12w 2008"]
[Site "Willingen GER"]
[Date "2008.05.12"]
[Round "4"]
[White "Abdelrazek, Ahmed"]
[Black "Duchow, Julien"]
[Result "1-0"]
[Termination "normal"]
[Board "29"]
[WhiteElo "1673"]
[BlackElo "1303"]
[PlyCount "77"]
[EventCountry "GER"]
[EventRounds "11"]
[EventType "swiss"]
[EventDate "2008.05.10"]

1. d4 Nf6 2. Nf3 d5 3. e3 e6 4. Bd3 c5 5. c3 Nc6 6. Nbd2 Bd7 7. O-O Qb6 8. dxc5
Bxc5 9. e4 O-O-O 10. e5 Ng4 11. Qe2 Qc7 12. b4 Bb6 13. Nb3 Ngxe5 14. Bf4 Nxf3+
15. Qxf3 e5 16. Bg3 Be6 17. Rac1 h5 18. h3 g5 19. Bf5 Qd7 20. Bxe6 fxe6 21. b5
Ne7 22. Bxe5 Rdf8 23. Qd3 Rhg8 24. c4 Kd8 25. c5 Bc7 26. c6 bxc6 27. bxc6 Nxc6
28. Bxc7+ Qxc7 29. Nd4 Qd6 30. Rxc6 Qd7 31. Nxe6+ Ke8 32. Re1 Qxc6 33. Nd4+ Kd7
34. Nxc6 Kxc6 35. Qc3+ Kd6 36. Qb4+ Kc6 37. Re6+ Kc7 38. Qd6+ Kc8 39. Re7 1-0

[Event "DEM U12/U12w 2008"]
[Site "Willingen GER"]
[Date "2008.05.12"]
[Round "4"]
[White "Töws, Manuel"]
[Black "Kühne, Niklas"]
[Result "1-0"]
[Termination "normal"]
[Board "30"]
[WhiteElo "1617"]
[BlackElo "1283"]
[PlyCount "67"]
[WhiteFideId "24654485"]
[BlackFideId "24690015"]
[EventCountry "GER"]
[EventRounds "11"]
[EventType "swiss"]
[EventDate "2008.05.10"]

1. d4 d5 2. c4 e6 3. Nc3 Nf6 4. Nf3 Nbd7 5. e3 c6 6. Bd3 Qa5 7. Bd2 Bb4 8. O-O
O-O 9. a3 Bxc3 10. Bxc3 Qc7 11. Qc2 Re8 12. Rae1 Nb6 13. Ba5 Qe7 14. Bxb6 axb6
15. e4 Qf8 16. cxd5 exd5 17. e5 Ne4 18. Bxe4 dxe4 19. Qxe4 Qe7 20. Nd2 Ra4 21.
Qc2 Rxd4 22. Ne4 Bf5 23. Nf6+ gxf6 24. Qxf5 fxe5 25. f4 f6 26. fxe5 fxe5 27.
Rf3 e4 28. Rg3+ Kh8 29. Rh3 Rc4 30. Ree3 Rc1+ 31. Kf2 Rf8 32. Rxh7+ Qxh7 33.
Qxf8+ Qg8 34. Rh3# 1-0

[Event "DEM U12/U12w 2008"]
[Site "Willingen GER"]
[Date "2008.05.12"]
[Round "4"]
[White "Böhl, Marius"]
[Black "Eichstaedt, Mirko"]
[Result "1/2-1/2"]
[Termination "normal"]
[Board "32"]
[WhiteElo "1471"]
[BlackElo "1265"]
[PlyCount "151"]
[WhiteFideId "24692131"]
[BlackFideId "24692310"]
[EventCountry "GER"]
[EventRounds "11"]
[EventType "swiss"]
[EventDate "2008.05.10"]

1. d4 d5 2. c4 e6 3. Nf3 c5 4. cxd5 exd5 5. dxc5 Bxc5 6. Nc3 Nf6 7. Bg5 d4 8.
Ne4 Bb4+ 9. Ned2 Nc6 10. a3 Be7 11. Nb3 d3 12. Qxd3 Qxd3 13. exd3 Bf5 14. Rc1
Rd8 15. Rd1 O-O 16. Be2 Rd7 17. O-O Rfd8 18. Nc1 h6 19. Be3 Ng4 20. Rfe1 b6 21.
d4 Be4 22. h3 Nf6 23. Ne5 Nxe5 24. dxe5 Rxd1 25. Rxd1 Rxd1+ 26. Bxd1 Nd5 27.
Bd2 Kf8 28. Ba4 Nc7 29. Bc3 b5 30. Ba5 bxa4 31. Bxc7 Bg5 32. Ne2 Bc6 33. Bd6+
Ke8 34. Kf1 Bb5 35. Bb4 Kd7 36. Ke1 a6 37. Kd1 Ke6 38. Bc3 Kd5 39. e6 Kxe6 40.
Nd4+ Kd5 41. Nxb5 axb5 42. Bxg7 f5 43. g3 h5 44. h4 Be7 45. Ke2 Ke4 46. f3+ Kd5
47. g4 fxg4 48. fxg4 hxg4 49. h5 Bg5 50. h6 Bxh6 51. Bxh6 Kc4 52. Kd2 g3 53.
Kc2 g2 54. Be3 b4 55. Bg1 bxa3 56. bxa3 Kb5 57. Kc3 Ka5 58. Kc4 Ka6 59. Kb4 Kb7
60. Kxa4 Ka6 61. Kb4 Kb7 62. Kb5 Ka8 63. Kb6 Kb8 64. Kc6 Ka8 65. Kd5 Kb7 66.
Ke4 Ka6 67. Kf3 Kb5 68. Kxg2 Kc6 69. Kf3 Kb7 70. Ke4 Kc6 71. Ke5 Kb7 72. Kd5
Kc7 73. Kc5 Kb7 74. Kb5 Kb8 75. Kc6 Ka8 76. Kc7 1/2-1/2

[Event "DEM U12/U12w 2008"]
[Site "Willingen GER"]
[Date "2008.05.12"]
[Round "4"]
[White "Groetzbach, Daniel"]
[Black "Hellwig, Immo"]
[Result "0-1"]
[Termination "normal"]
[Board "34"]
[WhiteElo "1454"]
[BlackElo "1278"]
[PlyCount "54"]
[WhiteFideId "24692166"]
[EventCountry "GER"]
[EventRounds "11"]
[EventType "swiss"]
[EventDate "2008.05.10"]

1. e4 c5 2. Nf3 Nc6 3. d4 cxd4 4. Nxd4 g6 5. Nc3 Bg7 6. Be3 Nf6 7. f3 O-O 8.
Be2 d5 9. Nb3 dxe4 10. fxe4 Be6 11. Qd2 Ng4 12. Bf4 Nd4 13. Rd1 Nxb3 14. axb3
Qb6 15. Bf3 Bxc3 16. bxc3 Rad8 17. Qe2 Rxd1+ 18. Kxd1 Nf2+ 19. Ke1 Nxh1 20. g4
Rd8 21. Be3 Qa5 22. Kf1 Qxc3 23. Bxh1 Bxg4 24. Qf2 Bh3+ 25. Ke2 Qxc2+ 26. Kf3
Qd1+ 27. Qe2 Bg4+ 0-1

[Event "DEM U12/U12w 2008"]
[Site "Willingen GER"]
[Date "2008.05.12"]
[Round "4"]
[White "Vonhoff, Nils"]
[Black "Helle, Samuel"]
[Result "1-0"]
[Termination "normal"]
[Board "35"]
[WhiteElo "1282"]
[BlackElo "1438"]
[PlyCount "69"]
[WhiteFideId "24692301"]
[BlackFideId "24692182"]
[EventCountry "GER"]
[EventRounds "11"]
[EventType "swiss"]
[EventDate "2008.05.10"]

1. e4 d5 2. exd5 Nf6 3. Nc3 Nxd5 4. Bc4 e6 5. Nge2 Be7 6. d3 O-O 7. Be3 c5 8.
O-O Nc6 9. Qd2 a6 10. Bxd5 exd5 11. d4 c4 12. Ng3 b5 13. Nce2 Bf6 14. c3 Bh4
15. f3 Re8 16. Bf2 Bd7 17. Nf4 Ne7 18. Rfe1 Bf5 19. Nxf5 Bxf2+ 20. Qxf2 Nxf5
21. Rxe8+ Qxe8 22. Nxd5 Qc6 23. Nb4 Qd7 24. Re1 Ne7 25. Qe2 Ng6 26. Qe4 Ra7 27.
Qe8+ Qxe8 28. Rxe8+ Nf8 29. Nc6 Rd7 30. Ne7+ Rxe7 31. Rxe7 g6 32. Ra7 Ne6 33.
Rxa6 Nc7 34. Rc6 Nd5 35. Rc5 1-0

[Event "DEM U12/U12w 2008"]
[Site "Willingen GER"]
[Date "2008.05.12"]
[Round "4"]
[White "Greif, Gavin"]
[Black "Lagunov, Elina"]
[Result "1/2-1/2"]
[Termination "normal"]
[Board "36"]
[WhiteElo "1268"]
[BlackElo "1431"]
[PlyCount "68"]
[WhiteFideId "24662429"]
[BlackFideId "4673387"]
[EventCountry "GER"]
[EventRounds "11"]
[EventType "swiss"]
[EventDate "2008.05.10"]

1. e4 e5 2. Nf3 Nc6 3. d4 exd4 4. Nxd4 Nf6 5. Nc3 Bb4 6. Nxc6 bxc6 7. Bd3 d5 8.
exd5 cxd5 9. O-O O-O 10. Bg5 c6 11. a3 Be7 12. Re1 Be6 13. Qd2 Qd7 14. Rad1
Rfd8 15. Na4 c5 16. Bxf6 gxf6 17. Nc3 Kh8 18. Qh6 f5 19. Ne2 Rg8 20. h4 Rg6 21.
Qh5 Bd6 22. Kf1 c4 23. Bxc4 dxc4 24. Nd4 a6 25. Nf3 Qc6 26. Ng5 Rg7 27. Nxe6
fxe6 28. Rxe6 Qxg2+ 29. Ke2 Be7 30. Rd7 Qg4+ 31. Qxg4 Rxg4 32. Rexe7 Rxh4 33.
Rf7 Re8+ 34. Kf3 Kg8 1/2-1/2

[Event "DEM U12/U12w 2008"]
[Site "Willingen GER"]
[Date "2008.05.12"]
[Round "4"]
[White "Priese, Annika"]
[Black "Knopf, Felix"]
[Result "0-1"]
[Termination "normal"]
[Board "37"]
[WhiteElo "1256"]
[BlackElo "1412"]
[PlyCount "60"]
[WhiteFideId "24673730"]
[BlackFideId "24692204"]
[EventCountry "GER"]
[EventRounds "11"]
[EventType "swiss"]
[EventDate "2008.05.10"]

1. e4 c5 2. Nf3 d6 3. d4 cxd4 4. Nxd4 Nf6 5. Nc3 a6 6. f3 e6 7. Be3 Be7 8. Qd2
b5 9. O-O-O Bb7 10. g4 O-O 11. g5 Ne8 12. h4 Nd7 13. h5 Ne5 14. Kb1 Rc8 15. Rg1
Nc7 16. g6 fxg6 17. h6 Nxf3 18. Nxf3 Rxf3 19. hxg7 b4 20. Ne2 Bxe4 21. Qd4
Bxc2+ 22. Kc1 Bxd1 23. Kxd1 Qd7 24. Bh6 Qa4+ 25. Ke1 Qxa2 26. Qe4 Qa1+ 27. Nc1
Rf5 28. Kd2 Qxb2+ 29. Kd1 Rd5+ 30. Nd3 b3 0-1

[Event "DEM U12/U12w 2008"]
[Site "Willingen GER"]
[Date "2008.05.12"]
[Round "4"]
[White "Rahimi, Anita"]
[Black "Neumann, Florian"]
[Result "1-0"]
[Termination "normal"]
[Board "38"]
[WhiteElo "1172"]
[BlackElo "1350"]
[PlyCount "117"]
[WhiteFideId "24692336"]
[EventCountry "GER"]
[EventRounds "11"]
[EventType "swiss"]
[EventDate "2008.05.10"]

1. d4 Nf6 2. Bf4 d5 3. Nf3 e6 4. e3 c5 5. c3 a6 6. Bd3 c4 7. Bc2 b5 8. Nbd2 Nc6
9. e4 Bd6 10. e5 Nh5 11. Be3 Be7 12. g4 Nf6 13. exf6 Bxf6 14. Qe2 Bd7 15. h4 b4
16. Bf4 Qa5 17. Qe3 b3 18. Bb1 Qa3 19. bxa3 b2 20. O-O bxa1=Q 21. Be4 Qxa2 22.
Bxd5 O-O 23. Bxc4 Qxa3 24. Ne4 Be7 25. Rb1 Qa4 26. Bd3 Qa5 27. Rb7 Bc8 28. Rc7
Qb6 29. Nfg5 Bxg5 30. Nxg5 g6 31. Qf3 Bb7 32. Bd6 Nxd4 33. Qxb7 Qxd6 34. cxd4
Qf4 35. Be2 Rab8 36. Qa7 Rb1+ 37. Kg2 Rb2 38. Bf3 h6 39. Nxe6 Qf6 40. d5 Rbb8
41. Nxf8 Rxf8 42. d6 Qxd6 43. Rd7 Qe6 44. Qc7 a5 45. Qd6 Qe8 46. Bd5 a4 47.
Qxg6+ Kh8 48. Qxh6+ Kg8 49. Qg6+ Kh8 50. Rxf7 Rxf7 51. Qxf7 Qxf7 52. Bxf7 Kg7
53. Ba2 Kg6 54. f4 a3 55. f5+ Kf6 56. Kf3 Kg7 57. g5 Kh7 58. h5 Kg7 59. f6+ 1-0

[Event "DEM U12/U12w 2008"]
[Site "Willingen GER"]
[Date "2008.05.12"]
[Round "4"]
[White "Ewert, Paul"]
[Black "Bajorski, Maria Sophie"]
[Result "0-1"]
[Termination "normal"]
[Board "39"]
[WhiteElo "1329"]
[BlackElo "1211"]
[PlyCount "100"]
[BlackFideId "24654531"]
[EventCountry "GER"]
[EventRounds "11"]
[EventType "swiss"]
[EventDate "2008.05.10"]

1. e4 e5 2. Nf3 Nc6 3. d4 exd4 4. Nxd4 Bc5 5. Be3 Qf6 6. c3 Nge7 7. Bc4 O-O 8.
O-O d6 9. f3 Be6 10. Be2 d5 11. Kh1 Bb6 12. Nxe6 fxe6 13. Bxb6 axb6 14. Nd2 Ng6
15. Re1 Nf4 16. Bb5 Qg6 17. Rg1 Rf6 18. exd5 exd5 19. g3 Nh3 20. Rg2 Ne5 21.
Be2 Raf8 22. Qb3 Qf7 23. f4 Ng6 24. Bg4 Nhxf4 25. gxf4 Nxf4 26. Rf2 h5 27. Bf3
Nd3 28. Rff1 c6 29. Qxb6 h4 30. Qd4 Nf4 31. Rae1 h3 32. c4 Ne6 33. Qd3 dxc4 34.
Qxc4 b5 35. Qc1 Nd4 36. Bg4 Qd5+ 37. Nf3 Nxf3 38. Qd1 Nd2+ 39. Bf3 Nxf3 40.
Qxd5+ cxd5 41. Rd1 Nd2 42. Rfe1 Rf1+ 43. Rxf1 Rxf1+ 44. Rxf1 Nxf1 45. Kg1 Ne3
46. Kf2 d4 47. Ke2 Kf7 48. b3 Ng4 49. Kf3 Nxh2+ 50. Kf2 d3 0-1

[Event "DEM U12/U12w 2008"]
[Site "Willingen GER"]
[Date "2008.05.12"]
[Round "4"]
[White "Puffay, Jana"]
[Black "Aslan, Dersim"]
[Result "1-0"]
[Termination "normal"]
[Board "40"]
[WhiteElo "1047"]
[BlackElo "1319"]
[PlyCount "145"]
[WhiteFideId "24692360"]
[BlackFideId "24692271"]
[EventCountry "GER"]
[EventRounds "11"]
[EventType "swiss"]
[EventDate "2008.05.10"]

1. e4 c5 2. Nf3 Nc6 3. d4 cxd4 4. Nxd4 Nf6 5. Nc3 g6 6. Be3 Bg7 7. Bc4 O-O 8.
O-O a6 9. Qd2 Qc7 10. a3 Ng4 11. Nf3 Nge5 12. Nxe5 Nxe5 13. Be2 Nc6 14. Nd5 Qd6
15. Nb6 Qxd2 16. Bxd2 Rb8 17. c3 d6 18. h3 Be6 19. Rad1 Rfd8 20. Bf4 Bb3 21.
Rd3 Bc2 22. Re3 e5 23. Bg3 Bh6 24. f4 Re8 25. Bd3 Bxd3 26. Rxd3 Rbd8 27. Bh4
Ne7 28. fxe5 g5 29. Bg3 dxe5 30. Rxd8 Rxd8 31. Bxe5 Rd2 32. Nc4 Re2 33. Nd6
Rxb2 34. Rxf7 Nc6 35. Bf6 g4 36. Rxb7 Ra2 37. hxg4 Ra1+ 38. Kf2 Ra2+ 39. Kf3
Ra1 40. g5 Bf8 41. Nf5 a5 42. Rc7 Nb8 43. Ne7+ Bxe7 44. Bxe7 Na6 45. Rc6 Nb8
46. Rc8+ Kf7 47. Rxb8 Kxe7 48. Rb7+ Kf8 49. Rxh7 Rxa3 50. Rc7 a4 51. Kf4 Rb3
52. Kf5 a3 53. Ra7 Rxc3 54. Kf6 Rc6+ 55. Kf5 Rc3 56. e5 Rc2 57. Rxa3 Rxg2 58.
Ra4 Rb2 59. e6 Rf2+ 60. Rf4 Re2 61. Re4 Rf2+ 62. Kg6 Ke7 63. Kg7 Rh2 64. g6 Rh3
65. Rf4 Kxe6 66. Rf7 Rg3 67. Kh7 Rh3+ 68. Kg8 Rg3 69. g7 Rc3 70. Rf4 Rc8+ 71.
Kh7 Rc7 72. Kg6 Rc6 73. Rf6+ 1-0

[Event "DEM U12/U12w 2008"]
[Site "Willingen GER"]
[Date "2008.05.12"]
[Round "4"]
[White "Bokemaer, David"]
[Black "Hauffen, Franziska"]
[Result "1-0"]
[Termination "normal"]
[Board "41"]
[WhiteElo "1433"]
[BlackElo "1143"]
[PlyCount "75"]
[EventCountry "GER"]
[EventRounds "11"]
[EventType "swiss"]
[EventDate "2008.05.10"]

1. e4 c5 2. Nf3 d6 3. d4 cxd4 4. Nxd4 Nf6 5. Nc3 a6 6. Bc4 e6 7. O-O Be7 8. Bb3
b5 9. a3 Bb7 10. Re1 Nbd7 11. Kh1 O-O 12. f4 Qc7 13. f5 exf5 14. Nxf5 Nc5 15.
Bd5 Nxd5 16. exd5 Bf6 17. Bf4 Rfd8 18. Qe2 h6 19. Qg4 Kh7 20. Qg3 Qb6 21. Rad1
Re8 22. Rxe8 Rxe8 23. Nxd6 Re7 24. Nxb7 Qxb7 25. Bd6 Re8 26. Bxc5 Qc8 27. Bf2
Qd7 28. d6 Kg8 29. Qh3 Qb7 30. d7 Rd8 31. Qe3 Qb8 32. Bg3 Qa8 33. Qe4 Qxe4 34.
Nxe4 Be7 35. Bc7 Ra8 36. d8=Q+ Bxd8 37. Rxd8+ Rxd8 38. Bxd8 1-0

[Event "DEM U12/U12w 2008"]
[Site "Willingen GER"]
[Date "2008.05.12"]
[Round "4"]
[White "Michels, Kim"]
[Black "Steimbach, Isabel"]
[Result "0-1"]
[Termination "normal"]
[Board "42"]
[WhiteElo "926"]
[BlackElo "1448"]
[PlyCount "104"]
[WhiteFideId "24690066"]
[BlackFideId "24692174"]
[EventCountry "GER"]
[EventRounds "11"]
[EventType "swiss"]
[EventDate "2008.05.10"]

1. e4 e5 2. Nf3 Nc6 3. Bc4 Nf6 4. d4 exd4 5. Nxd4 d5 6. exd5 Nxd5 7. O-O Nxd4
8. Qxd4 Be6 9. Re1 c6 10. Nd2 b5 11. Bxd5 Qxd5 12. Qxd5 cxd5 13. Nf3 a6 14. a4
b4 15. Nd4 Kd7 16. c3 bxc3 17. bxc3 Rb8 18. Bf4 Bd6 19. Bxd6 Kxd6 20. Rab1 Bd7
21. a5 Rhc8 22. Rb6+ Rxb6 23. axb6 Rb8 24. Rb1 Kc5 25. b7 Bc6 26. Nb3+ Kd6 27.
Na5 Kc7 28. Re1 Kd6 29. Rb1 Kc7 30. Re1 Kb6 31. Nxc6 Kxc6 32. h4 Rxb7 33. h5 a5
34. g4 a4 35. Re8 Ra7 36. Rc8+ Kb7 37. Rg8 a3 38. Rxg7 a2 39. Rxf7+ Kb6 40.
Rxa7 Kxa7 41. g5 a1=Q+ 42. Kg2 Qxc3 43. f4 Qg7 44. h6 Qf7 45. Kg3 d4 46. Kg4 d3
47. f5 d2 48. f6 d1=Q+ 49. Kf5 Qg6+ 50. Ke6 Qg4+ 51. Ke7 Q4xg5 52. Kf8 Q5xf6#
0-1

[Event "DEM U12/U12w 2008"]
[Site "Willingen GER"]
[Date "2008.05.12"]
[Round "4"]
[White "Viereck, Marten"]
[Black "Schreiber, Justina"]
[Result "1/2-1/2"]
[Termination "normal"]
[Board "43"]
[WhiteElo "1414"]
[BlackElo "1172"]
[PlyCount "118"]
[WhiteFideId "24692190"]
[BlackFideId "24661570"]
[EventCountry "GER"]
[EventRounds "11"]
[EventType "swiss"]
[EventDate "2008.05.10"]

1. d4 d5 2. c4 e6 3. Nc3 Nf6 4. Bg5 Be7 5. e3 Nbd7 6. Nf3 O-O 7. cxd5 Nxd5 8.
Bxe7 Qxe7 9. Nxd5 exd5 10. Qc2 c6 11. Bd3 Nf6 12. O-O Bg4 13. Ne5 Be6 14. a3 g6
15. b4 Nd7 16. Nxd7 Bxd7 17. Rac1 Qg5 18. Kh1 a6 19. Qc5 f5 20. Qd6 Rfd8 21.
Qg3 Qxg3 22. hxg3 Re8 23. Rb1 b5 24. Rfc1 Kf7 25. Rc5 h5 26. Ra1 Kf6 27. a4 g5
28. a5 Rh8 29. Kg1 g4 30. Kf1 Rae8 31. Ke2 Kg5 32. Rh1 Kg6 33. Rcc1 Kg5 34. Kd2
Re6 35. Rh4 Re7 36. Rch1 Ree8 37. f3 Re7 38. fxg4 fxg4 39. Bc2 Rf7 40. Ke2 Rf6
41. Bd3 Rf7 42. Rf1 Rxf1 43. Kxf1 Rf8+ 44. Ke2 Bf5 45. Bxf5 Rxf5 46. Rh1 Rf6
47. Rf1 Rxf1 48. Kxf1 Kf5 49. Ke1 Ke4 50. Ke2 Kf5 51. Kd3 Kf6 52. e4 dxe4+ 53.
Kxe4 Ke6 54. Ke3 Kd5 55. Kd3 Ke6 56. Ke4 Kd6 57. Ke3 Kd5 58. Kd3 Kd6 59. Ke4
Ke6 1/2-1/2

[Event "DEM U12/U12w 2008"]
[Site "Willingen GER"]
[Date "2008.05.12"]
[Round "4"]
[White "Jermann, Isabel"]
[Black "Diederichs, Luise"]
[Result "1-0"]
[Termination "normal"]
[Board "44"]
[WhiteElo "1146"]
[BlackElo "1177"]
[PlyCount "113"]
[BlackFideId "24661597"]
[EventCountry "GER"]
[EventRounds "11"]
[EventType "swiss"]
[EventDate "2008.05.10"]

1. d4 d5 2. Bf4 e6 3. e3 Nf6 4. c3 Nc6 5. Bb5 Bd7 6. Nd2 a6 7. Bd3 Be7 8. h3
Bd6 9. Bxd6 cxd6 10. Ngf3 e5 11. dxe5 dxe5 12. e4 O-O 13. O-O Re8 14. Re1 Be6
15. Qc2 Rc8 16. exd5 Bxd5 17. Bc4 b5 18. Bxd5 Qxd5 19. a3 e4 20. Nh2 Nd4 21.
Qd1 Nf5 22. Nb3 Qxd1 23. Raxd1 e3 24. Nf3 exf2+ 25. Kxf2 Ne4+ 26. Kg1 Neg3 27.
Nbd4 Rxe1+ 28. Rxe1 Nxd4 29. Nxd4 g6 30. Kf2 Nf5 31. Nxf5 gxf5 32. Re5 Rd8 33.
Ke2 Kg7 34. Rxf5 Kg6 35. Rf3 f5 36. Rd3 Rxd3 37. Kxd3 Kg5 38. Ke2 Kf4 39. Kf2
h5 40. b3 Ke4 41. Ke2 f4 42. h4 a5 43. a4 bxa4 44. bxa4 Kd5 45. Kd3 Kc5 46. Ke4
Kc4 47. Kxf4 Kxc3 48. g4 hxg4 49. Kxg4 Kb4 50. h5 Kxa4 51. h6 Kb3 52. h7 a4 53.
h8=Q a3 54. Qa8 a2 55. Kf3 Kb2 56. Ke3 Kb3 57. Kd3 1-0

[Event "DEM U12/U12w 2008"]
[Site "Willingen GER"]
[Date "2008.05.12"]
[Round "4"]
[White "Wulf, Constanze"]
[Black "Paliy, Margaryta"]
[Result "1-0"]
[Termination "normal"]
[Board "45"]
[WhiteElo "1047"]
[BlackElo "934"]
[PlyCount "63"]
[WhiteFideId "24692379"]
[BlackFideId "24692417"]
[EventCountry "GER"]
[EventRounds "11"]
[EventType "swiss"]
[EventDate "2008.05.10"]

1. e4 e5 2. Nf3 Nc6 3. Bc4 Nf6 4. d3 Be7 5. Nc3 O-O 6. Be3 d6 7. h3 Be6 8. Bb3
Bxb3 9. axb3 d5 10. exd5 Nxd5 11. Qd2 Nxe3 12. fxe3 Bb4 13. O-O-O h6 14. e4 Nd4
15. Qe3 Nxf3 16. Qxf3 Bxc3 17. bxc3 a5 18. g4 Qg5+ 19. Kb2 a4 20. h4 Qe7 21. b4
a3+ 22. Ka1 Qd7 23. Rb1 Qa4 24. Rb3 Rab8 25. Qe3 b6 26. h5 c5 27. Qg1 cxb4 28.
g5 hxg5 29. Qxg5 bxc3 30. h6 g6 31. Qf6 Kh7 32. Qg7# 1-0

[Event "DEM U12/U12w 2008"]
[Site "Willingen GER"]
[Date "2008.05.12"]
[Round "4"]
[White "Röhlich, Anna"]
[Black "Bohm, Stephanie"]
[Result "1/2-1/2"]
[Termination "normal"]
[Board "46"]
[WhiteElo "1043"]
[BlackElo "888"]
[PlyCount "62"]
[EventCountry "GER"]
[EventRounds "11"]
[EventType "swiss"]
[EventDate "2008.05.10"]

1. e4 c5 2. d4 cxd4 3. c3 dxc3 4. Nxc3 Nc6 5. Nf3 e6 6. Bf4 a6 7. a3 Nge7 8.
Bc4 b5 9. Bb3 Na5 10. Bc2 f6 11. e5 Ng6 12. Bg3 Be7 13. O-O O-O 14. Qb1 f5 15.
b4 Nc4 16. Rd1 Bb7 17. Nd4 f4 18. Nxe6 Qc8 19. Nxf8 Qxf8 20. Bxg6 hxg6 21. Qxg6
fxg3 22. Qxg3 Rd8 23. Rd4 d6 24. Rf4 Qe8 25. Rd1 dxe5 26. Rxd8 Qxd8 27. Rg4 g5
28. h4 Bc8 29. Re4 Bb7 30. Rg4 Bc8 31. Re4 Bb7 1/2-1/2

[Event "DEM U12/U12w 2008"]
[Site "Willingen GER"]
[Date "2008.05.12"]
[Round "4"]
[White "Ludwig, Maria"]
[Black "Fischer, Maxi"]
[Result "1-0"]
[Termination "normal"]
[Board "47"]
[WhiteElo "866"]
[BlackElo "1026"]
[PlyCount "79"]
[WhiteFideId "24655791"]
[BlackFideId "24692395"]
[EventCountry "GER"]
[EventRounds "11"]
[EventType "swiss"]
[EventDate "2008.05.10"]

1. e4 e5 2. Nf3 Nc6 3. Bc4 Bc5 4. d3 d6 5. Nc3 Bg4 6. Be3 Bb6 7. Qd2 Bxf3 8.
gxf3 Nge7 9. O-O-O Ba5 10. Bb5 a6 11. Bxc6+ Nxc6 12. Bg5 f6 13. Bh4 g5 14. Bg3
Qd7 15. h4 Rg8 16. hxg5 fxg5 17. Rh5 O-O-O 18. Rdh1 Rg7 19. Rxg5 Rf7 20. f4 Qe6
21. b3 h6 22. Rgh5 Rh8 23. fxe5 dxe5 24. Rxh6 Qe7 25. Rxh8+ Kd7 26. Bh4 Qc5 27.
Qg5 Rf8 28. Na4 Qd6 29. Qg7+ Ke8 30. Bg5 Bb4 31. c3 Ba3+ 32. Kd2 Nb4 33. Rxf8+
Qxf8 34. Qxe5+ Kd7 35. Nc5+ Kc8 36. Rh8 Kb8 37. Nd7+ Ka8 38. Rxf8+ Ka7 39. Qc5+
b6 40. Qxc7# 1-0